Statystyki dla państwa, które leżą na równiku

Kliknij tutaj aby rozwiązać quiz!

Ogólne statystyki

  • Ten quiz został rozwiązany 52 razy
  • Średni wynik to 6 z 9

Statystyki odpowiedzi

podpowiedziodpowiedzi% Poprawnych
Ameryka południowabrazylia
100%
Ameryka południowaekwador
87%
Ameryka południowakolumbia
87%
Afrykakongo
87%
azjaindonezja
76%
Afrykakenia
76%
Afrykauganda
59%
Afrykagabon
52%
Afrykadrk I demokratyczna republika kongo
0%

Rozkład punktacji

Percentyl według liczby udzielonych odpowiedzi

Procent ludzi z każdym wynikiem

Twoja historia wyników

Nie rozwiązałeś tego quizu